000 00630nam a2200181 i 4500
001 79104
003 ES-MaACL
007 t|
008 041019s1979 be ||||1| spa d
100 1 _aHen, F. J. de.
_962503
245 1 3 _aLa vida musical en Bélgica /
_cpor F. J. de Hen.
260 _aBruselas :
_bMinisterio de Asuntos Exteriores, del Comercio Exterior y de la Cooperación al Desarrollo,
_c1979.
300 _a144 p. :
_bil. ;
_c22 cm.
490 1 _aNoticias de Bélgica. Crónicas belgas
830 0 _aNoticias de Bélgica. Crónicas belgas
_9231420
852 _aES-MaACL
_jG-4340
_bR.100357
999 _c79104
_d79104